000 00736nam a2200229 i 4500
001 86655
003 ES-MaACL
005 20250728043239.0
007 t|
008 041214s1982 sp ||||1| spa d
020 _a84-276-0582-X
100 1 _aKautsky, Karl.
_967661
245 1 0 _aParlamentarismo y democracia /
_cKarl Kautsky ; edición preparada por Heleno Saña ; [traducción de Luis Delgado Suárez].
260 _aMadrid :
_bEditora Nacional,
_c[1982]
300 _a209 p. ;
_c21 cm.
650 4 _aParlamentarismo.
_9136654
650 7 _aDemocracia
_2embne
_911574
700 1 _aSaña, Heleno,
_d1930-
_9103701
700 1 _aDelgado Suárez, Luis.
_943489
852 _aES-MaACL
_jL-4314
999 _c86655
_d86655